• 首页
  • 本馆介绍
  • 公告通知
  • 最新文献
  • 馆藏检索
  • 电子资源
  • 读者导购
  • 参考咨询
  • 我的图书馆
  • 登录
  • 详细信息显示
  • 放入我的书架
  • 预约/预借图书
  • 作者相关作品
  • 分类相关作品
  • 丛书相关作品
  • 出版社相关作品

书目信息

  • 表格格式
  • 工作单格式
  • 卡片格式
题名:
康熙字典
    
 
作者: 张玉书 编 ;潘本善索引
分册:  
出版信息: 北京   中国书籍出版社  1996
页数: 1504页
开本: 19cm
丛书名:
单 册:
中图分类: H163
科图分类:
主题词: 汉字--字典
电子资源:
ISBN: 7-5068-0339-9
000 00697nam0 2200241 45
001 0185012973
005 20061030102117.03
010    @dCNY75.00@a7-5068-0339-9@b精装
100    @a19951030d1996 em y0chiy0121 ea
101 0  @achi
102    @aCN@b110000
102    @aCN@b110000
105    @ay z 000yy
200 10 @a康熙字典@Akang xi zi dian@f(清)张玉书编@g潘本善索引@Gpan ben shan suo yin@F(Qing)Zhang Yu Shu Bian
210    @a北京@c中国书籍出版社@d1996
215    @a1504页@d19cm
606    @a汉字@x字典
690    @aH163@v3
701  0 @a张玉书@4编
702  0 @a潘本善索引@Apan ben shan suo yin
801  2 @aCN@bNLC@c20061030
801  0 @aCN@b深圳图书馆@c20050427
905    @dH163@e117
    
    康熙字典/(清)张玉书编/潘本善索引.-北京:中国书籍出版社,1996
    1504页;19cm
    
    
    ISBN 7-5068-0339-9(精装):CNY75.00
    
●
相关链接 在E读中查询图书 在五车中查询图书 在当当中查询图书 在豆瓣中查询图书


正题名:康熙字典     索取号:H163/117         预约/预借

序号 登录号 条形码 馆藏地/架位号 状态 备注
1 0275458   001561535   第二样本阅览室/ [索取号:H163/117] 在馆    
唐山师范学院图书馆 欢迎您!
大连网信软件有限公司© 版权所有